000 00784nam a2200253Ia 4500
003 OSt
005 20220930192210.0
006 a|||||r|||| 00| 0
007 ta
008 220926b |||||||| |||| 00| 0 eng d
024 _a9884
037 _cDissertations
040 _aCRL
_cCRL
_beng
041 _2eng
_aeng
100 _aDixit Alok
_9561006
110 _aUniversity of Delhi. Faculty of Medical Sciences. Department of Medicine
245 0 _aStudy of microalbuminuria in obese subjects
260 _c1996
650 _aMEDICINE
700 _a Dr B Chakravorty Supervisor
_9559719
700 _aUniversity of Delhi. Faculty of Medical Sciences. Department of Medicine
942 _cDIS
_2CC
999 _c894890
_d894890